000 005100000a22001810004500
003 MACL
005 20160324152115.0
008 160324b xxu||||| |||| 00| 0 eng d
040 _aMACL
_cMACL
041 _aHindi
082 _a294
100 _aशिवराज ओम़़
_948345
245 _aधर्मविजय
260 _bआत्‍माराम एंड संस
_c2000
_aनई दिल्‍ली
350 _a350
650 _aIndian Religion
_917547
942 _cHIN
_k294
_2ddc
999 _c9792
_d9792